• 首页
  • 本馆介绍
  • 公告通知
  • 最新文献
  • 馆藏检索
  • 电子资源
  • 读者导购
  • 参考咨询
  • 我的图书馆
  • 登录
  • 详细信息显示
  • 放入我的书架
  • 预约/预借图书
  • 作者相关作品
  • 分类相关作品
  • 丛书相关作品
  • 出版社相关作品

书目信息

  • 表格格式
  • 工作单格式
  • 卡片格式
题名:
农桑辑要
    
 
作者: 司农司 撰
分册:  
出版信息: 北京   中国书店  2018.02
页数: 368页
开本: 27cm
丛书名:
单 册:
中图分类: S-092.47
科图分类:
主题词: 农学--中国--元代
电子资源:
ISBN: 978-7-5149-1880-9
000 00725nam0 2200241 450
001 5403
005 20181016161859.85
010    @a978-7-5149-1880-9@dCNY80.00
100    @a20180513e2018 em y0chiy50 ea
101 0  @achi
102    @aCN@b110000
105    @ay z 000yy
200 1  @a农桑辑要@9nong sang ji yao@f(元)司农司撰
205    @a[影印本]
210    @a北京@c中国书店@d2018.02
215    @a368页@d27cm
300    @a钦定四库全书·子部 四库全书·农家类
330    @a本书是中国元代初年司农司编纂的综合性农书,编成后颁发各地作为指导农业生产之用。
606 0  @a农学@y中国@z元代
690    @aS-092.47@v5
701  0 @c(元)@a司农司@9si nong si@4撰
801  0 @aCN@b91MARC@c20180513
905    @aMuseLib@dS-092.47@e54
    
    农桑辑要/(元)司农司撰.-[影印本].-北京:中国书店,2018.02
    368页;27cm
    钦定四库全书·子部 四库全书·农家类
    
    ISBN 978-7-5149-1880-9:CNY80.00
    本书是中国元代初年司农司编纂的综合性农书,编成后颁发各地作为指导农业生产之用。
●
相关链接 在E读中查询图书 在五车中查询图书 在当当中查询图书 在豆瓣中查询图书


正题名:农桑辑要     索取号:S-092.47/54         预约/预借

序号 登录号 条形码 馆藏地/架位号 状态 备注
1 1129535   211295356   第二样本阅览室/ [索取号:S-092.47/54] 在馆    
2 1129536   211295365   第三借阅区/ [索取号:S-092.47/54] 在馆    
3 1129537   211295374   第三借阅区/ [索取号:S-092.47/54] 在馆    
4 1129538   211295383   密集书库-文学院/ [索取号:S-092.47/54] 在馆    
5 1129539   211295392   第三借阅区/ [索取号:S-092.47/54] 在馆    
唐山师范学院图书馆 欢迎您!
大连网信软件有限公司© 版权所有